Music Quiz

Random Music or Kpop Quiz

Match The Group to Debut Song Quiz Stats

 Plays Quiz not verified by Sporcle

Support Sporcle.
Go Orange.
Score 0/40 Timer 10:00
0 Plays Today
% Correct
Boombayah
96.9%
Like Ooh Ahh
94.7%
Girls Girls Girls
94.6%
Hola Hola
93.9%
Energetic
92.7%
Firetruck
92.6%
Adore U
92.4%
Chewing Gum
91.5%
Rhythm Ta
91.4%
Happiness
91.2%
Wee Woo
86.3%
Hide & Seek
85.7%
I Don't Like Your Girlfriend
85.4%
Trespass
84.8%
Bad Girl, Good Girl
84.7%
Dream Girls
82.9%
Replay
82.8%
Congratulations
80.2%
Boyfriend
80.2%
Gorilla
80.1%
% Correct
Fanfare
78.4%
Face
76.4%
Warrior
75.2%
Chase Me
72.8%
Cactus
72%
Elvis
67.7%
Whoz That Girl
58%
Wonderland
56.8%
MoMoMo
56%
Freeze!
52.3%
I'm The One
47.6%
Deja Vu
47.4%
Hello
40%
The.The.The
37.8%
Jjan! Koong! Kwang!
35.4%
Delilah
33.9%
Lovesick
29.6%
Take It
29.5%
Shall We Dance
27.7%
Under The Moonlight
25.3%

You're not logged in!

Compare scores with friends on all Sporcle quizzes.
OR
Log In

From the Vault

Plural Blitz

by gwukelic

All we know is that there are more than one.
Remove Ads.
Support Sporcle.
Get the best of Sporcle when you Go Orange. This ad-free experience offers more features, more stats, and more fun while also helping to support Sporcle. Thank you for becoming a member.

Show Comments

Extras

Top Quizzes Today


Score Distribution

Your Account Isn't Verified!

In order to create a playlist on Sporcle, you need to verify the email address you used during registration. Go to your Sporcle Settings to finish the process.

Report this User

Report this user for behavior that violates our Community Guidelines.

Details: